| 000 | 00325nam a22001337a 4500 | ||
|---|---|---|---|
| 020 | _a9781894264419 | ||
| 040 | _cnust | ||
| 082 |
_a297 _bHAR |
||
| 100 |
_aYahya Haroon _916302 |
||
| 245 | _aTauba Ka Darwaza | ||
| 260 |
_aCananda: _bAl Ateeq Publishers Inc, _c2003. |
||
| 650 |
_aTauba Ka Darwaza _9122691 |
||
| 942 |
_2ddc _cBK |
||
| 999 |
_c609145 _d609145 |
||